<?xml version="1.0" encoding="utf-8"?>
<?xml-stylesheet type='text/xsl' href='./oai2.xsl'?>
<OAI-PMH xmlns="http://www.openarchives.org/OAI/2.0/" xmlns:xsi="http://www.w3.org/2001/XMLSchema-instance" xsi:schemaLocation="http://www.openarchives.org/OAI/2.0/ http://www.openarchives.org/OAI/2.0/OAI-PMH.xsd">
  <responseDate>2026-05-15T19:21:59Z</responseDate>
  <request verb="GetRecord" metadataPrefix="marcxml" identifier="record_kuniweb_2759882">https://kulturerbe.niedersachsen.de/oai</request>
  <GetRecord>
    <record>
      <header>
        <identifier>record_kuniweb_2759882</identifier>
        <datestamp>2026-04-02T09:05:14Z</datestamp>
        <setSpec>slg0288</setSpec>
        <setSpec>slg0287</setSpec>
      </header>
      <metadata>
        <marc:record xmlns:marc="http://www.loc.gov/MARC21/slim" xsi:schemaLocation="http://www.loc.gov/MARC21/slim http://www.loc.gov/standards/marcxml/schema/MARC21slim.xsd">
          <marc:leader>12345nkm  22     uu 4500</marc:leader>
          <marc:controlfield tag="001">2759882</marc:controlfield>
          <marc:controlfield tag="003">http://kuniweb.gbv.de</marc:controlfield>
          <marc:controlfield tag="005">2025-12-10T10:29:09</marc:controlfield>
          <marc:controlfield tag="008">|           ||||||||||||||||||||||</marc:controlfield>
          <marc:datafield tag="245" ind1="1" ind2="0">
            <marc:subfield code="a">Tor am Heuerhaus, Hof Suing, Museumsdorf Cloppenburg. Ansicht von innen</marc:subfield>
          </marc:datafield>
          <marc:datafield tag="720" ind1=" " ind2=" ">
            <marc:subfield code="a">Johann Gerhard Rohling</marc:subfield>
          </marc:datafield>
          <marc:datafield tag="720" ind1=" " ind2=" ">
            <marc:subfield code="a">Museumsdorf Cloppenburg -Niedersächsisches Freilichtmuseum</marc:subfield>
          </marc:datafield>
          <marc:datafield tag="655" ind1=" " ind2="7">
            <marc:subfield code="a">Architektur</marc:subfield>
          </marc:datafield>
          <marc:datafield tag="046" ind1=" " ind2=" ">
            <marc:subfield code="k">1941</marc:subfield>
            <marc:subfield code="k">1941</marc:subfield>
          </marc:datafield>
          <marc:datafield tag="260" ind1=" " ind2=" ">
            <marc:subfield code="g">1941</marc:subfield>
            <marc:subfield code="g">1941</marc:subfield>
          </marc:datafield>
          <marc:datafield tag="300" ind1=" " ind2=" ">
            <marc:subfield code="a">Höhe: 479 mm
Breite: 304 mm</marc:subfield>
          </marc:datafield>
          <marc:datafield tag="520" ind1=" " ind2=" ">
            <marc:subfield code="a">Bauzeichnung von Gerhard Rohling (1886-1973), wohl aus dem Jahr 1941. Dargestellt ist das Einfahrtstor an einem Heuerhaus, das im Museumsdorf Cloppenburg steht, in Ansicht von innen. Das Niederdeutsche Hallenhaus wurde vor 1750 auf dem Hof Suing in Astrup (Gemeinde Visbek, Landkreis Vechta) in Fachwerk-Bauweise mit Zweiständer-Innengerüst erbaut. Es besitzt einen kammerfachlosen Flettdielen-Grundriss mit einhüftigem Flett. Seit 1937 befindet es sich im Museumsdorf Cloppenburg. Dort wurde es zeitweise dem Hoffmannshof konzeptionell zugeordnet. Die Zeichnung entstand im Auftrag des Museumsdorfs Cloppenburg.

Sie haben weitere Informationen zum hier gezeigten Bildmaterial oder haben einen Fehler entdeckt? Wir sind dankbar für Ihre Hinweise. Unsere Kontaktdaten finden Sie auf unserer Website: https://museumsdorf.de/. (Björn Bertrams, Museumsdorf Cloppenburg)

Literatur in Zusammenhang:
H. Kaiser, „Vom Leben in halben Häusern Mehrfamilienwohnungen im Osnabrücker Nordland und im Oldenburger Münsterland (17. - 19. Jahrhundert)“, Familie und Familienlosigkeit, Hannover, 1993, Bd. 17. S. 163-180, 1993. (S. 174-176.)

Literatur in Zusammenhang:
B. Herrmann, H. Kaiser, H. Ottenjann, und U. Meiners, „Museumsführer“. Museumsdorf Cloppenburg, Cloppenburg, 2017. (S. 108-109.)

Literatur in Zusammenhang:
H. Ottenjann und H. Kaiser, „Museumsführer Mit Anhang zur Vor- und Nachbereitung des Museumsbesuches sowie mit einem Farbbild-Report“. Cloppenburg, 1998. (S. 53-54.)</marc:subfield>
          </marc:datafield>
          <marc:datafield tag="650" ind1="1" ind2=" ">
            <marc:subfield code="a">Aufriss</marc:subfield>
          </marc:datafield>
          <marc:datafield tag="650" ind1="1" ind2=" ">
            <marc:subfield code="a">Tor</marc:subfield>
          </marc:datafield>
          <marc:datafield tag="650" ind1="1" ind2=" ">
            <marc:subfield code="a">Rauchhaus</marc:subfield>
          </marc:datafield>
          <marc:datafield tag="650" ind1="1" ind2=" ">
            <marc:subfield code="a">Niederdeutsches Hallenhaus</marc:subfield>
          </marc:datafield>
          <marc:datafield tag="650" ind1="1" ind2=" ">
            <marc:subfield code="a">Heuerling</marc:subfield>
          </marc:datafield>
          <marc:datafield tag="650" ind1="1" ind2=" ">
            <marc:subfield code="a">Hausforschung</marc:subfield>
          </marc:datafield>
          <marc:datafield tag="650" ind1="1" ind2=" ">
            <marc:subfield code="a">Fachwerk</marc:subfield>
          </marc:datafield>
          <marc:datafield tag="650" ind1="1" ind2=" ">
            <marc:subfield code="a">Bauzeichnung</marc:subfield>
          </marc:datafield>
          <marc:datafield tag="650" ind1="1" ind2=" ">
            <marc:subfield code="a">Wohn-Stall-Haus</marc:subfield>
          </marc:datafield>
          <marc:datafield tag="650" ind1="1" ind2=" ">
            <marc:subfield code="a">Bauernhaus</marc:subfield>
          </marc:datafield>
          <marc:datafield tag="650" ind1="1" ind2=" ">
            <marc:subfield code="a">Baukultur</marc:subfield>
          </marc:datafield>
          <marc:datafield tag="650" ind1="1" ind2=" ">
            <marc:subfield code="a">Grafik, Fotografie &gt; Zeichnung &gt; Tuschzeichnung</marc:subfield>
          </marc:datafield>
          <marc:datafield tag="650" ind1="1" ind2=" ">
            <marc:subfield code="a">Bauzeichnungen/Baupläne</marc:subfield>
          </marc:datafield>
          <marc:datafield tag="650" ind1="1" ind2=" ">
            <marc:subfield code="a">Cloppenburg</marc:subfield>
          </marc:datafield>
          <marc:datafield tag="650" ind1="1" ind2=" ">
            <marc:subfield code="a">Museumsdorf Cloppenburg (Museum)</marc:subfield>
          </marc:datafield>
          <marc:datafield tag="773" ind1="0" ind2=" ">
            <marc:subfield code="t">Bauzeichnungsarchiv des Museumsdorfs Cloppenburg</marc:subfield>
          </marc:datafield>
          <marc:datafield tag="773" ind1="0" ind2=" ">
            <marc:subfield code="t">Bildgedächtnis Weser-Ems</marc:subfield>
          </marc:datafield>
          <marc:datafield tag="852" ind1=" " ind2=" ">
            <marc:subfield code="a">Museumsdorf Cloppenburg</marc:subfield>
          </marc:datafield>
          <marc:datafield tag="" ind1=" " ind2=" ">
            <marc:subfield code="a">Namensnennung - Nicht kommerziell - Keine Bearbeitungen 4.0 International (CC BY-NC-ND 4.0)</marc:subfield>
          </marc:datafield>
        </marc:record>
      </metadata>
    </record>
  </GetRecord>
</OAI-PMH>
